| 000 | 00515nam a2200181 4500 | ||
|---|---|---|---|
| 003 | SEACOMMC | ||
| 005 | 20250502112754.0 | ||
| 008 | 250205b |||||||| |||| 00| 0 eng d | ||
| 020 |
_a 81-7381-065-6 _cRs.195.00 |
||
| 040 | _aSEACOMMC | ||
| 082 |
_a510.02465 _bG 427 |
||
| 100 | _aGhosh, Ramkrishna | ||
| 245 | 1 |
_aBusiness Mathematics & Statistics / _cRamkrishna Ghosh and Suranjan Saha |
|
| 250 | _a9th rev.ed. | ||
| 260 |
_aKolkata _b New Central Book Agency _c 2009 |
||
| 650 | _a Mathematics | ||
| 942 | _cBOOK | ||
| 999 |
_c1053 _d1053 |
||